000 02034cam a22004574i 4500
003 PE-LiUPU
005 20250731172802.0
008 150617s r 000 0 d
035 _a(Sirsi) a13124
040 _aPE-LiUPU
_bspa
_cPE-LiUPU
_erda
049 _aPRUA
082 0 4 _a231.042
_bO83
_221
100 1 _aOster, Kenneth,
_eautor.
245 1 0 _aCosmic perspective of god and man /
_cKenneth Oster.
264 1 _aIran :
_bAdventis Foundation,
_c1978.
300 _a205 páginas ;
_c24 cm
336 _atext
_2rdacontent
337 _aunmediated
_2rdamedia
338 _avolume
_2rdacarrier
505 0 _aCosmic perspective of prophetic history: Sovereignty of god. Trearson against god. Foreknowledge of god. Mission for god. Plan of god. Protection of god -- Cosmic perspective of the position of man: Seduction of man. Sin of man. Fitness of man. Position of man. Stewardship of man. Heart of man. Surrender of man. Enemy of man. Message to man -- Cosmic perspective of the great controversy: Promise of god. Salvation from god. Word of god. Love of god. Design of god. Righteousness of god. Judgment of god. Life from god. Remenbrance of god -- Cosmic perspective of the future: Omniscience of god. Vindication of god. Day of god. Victory of god. Dwellinplace of god.
526 _aSEG42
526 _aSEG41
526 _aSEG40
526 _aSEG39
526 _aP94
526 _aP87
526 _aP86
526 _aP85
526 _aP77
526 _aP76
526 _aP35
650 0 4 _aDIOS.
_93786
650 0 4 _aTRINIDAD.
_93711
910 _ajck
_bjvq
_cjck
_d20150616
942 _2ddc
_cBOOK
949 _a231.042 O83
_wDEWEY
_c1
_i17713
_lCCODEBUL1
_mBUL
_p00.00
_r0
_sY
_tBOOK
_u2015-04-22
_xTEOLOGIA
_PP35
_0COMPRA
_o.STAFF. Colección General
994 _aC0
_bPEPRU
596 _a1
999 _a231.042 O83
_wDEWEY
_c3459
_i17713
_f2021-11-11
_g5
_lCCODEBUL1
_mBUL
_r0
_sY
_tBOOK
_u2015-4-22
_xTEOLOGIA
_PP35
_0COMPRA
_o.STAFF. Colección General
_d3459
980 _81
_gALBERTO SANCHEZ Responsable de Automatización